Jaskyne v Tesnej skale (Muránsky kras)

Bibliographic Details
Main Author: Kámen, Svatopluk (Author)
Format: Article
Language:Slovak
Subjects:

MARC

LEADER 00000nab a2200000uu 4500
001 vtls011146049
003 SK-MaSNL
005 20260303145828.0
008 230222| xo |||||||||||||||||slo|
015 |a SNBRB 
035 |a (urnnbn)urn:nbn:sk:snk:ar-008knr 
035 |a (uuid)bc87e8d6-b403-46a1-94da-157524a14778 
035 |a urn:nbn:sk:snk-abawpe 
040 |a SNKBUCL  |b slo  |c SNKBUCL  |e AACR2 
041 0 |a slo 
044 |a xo  |c SK 
100 1 |a Kámen, Svatopluk  |4 aut  |9 1125033 
245 1 0 |a Jaskyne v Tesnej skale (Muránsky kras)  |c Svatopluk Kámen 
650 0 7 |a jaskyne  |2 snkbucl  |9 20772 
651 7 |a Tesná skala (Slovensko : jaskyňa)  |2 snkbucl  |9 164942 
773 0 |t Slovenský kras : sborník Múzea slovenského krasu v Lipt. Mikuláši  |g Roč. 5, č. 1 (1963-1964), s. 74-80 
954 |a odborná, vedecká literatúra pôvodná (slovenská)  |2 lita 
958 |a OND 
958 |a EUIPO 
958 |a article14 
999 |c 2005585  |d 2007515